Score 0/20 Timer 10:00
1 Play Today
% Correct
Trek
96.5%
Hard
96.2%
One
93.8%
Mile
88.3%
Shawshank
79.4%
Eyre
74.8%
Hulk
70.6%
Congeniality
67.3%
Dodgeball
66.8%
Hedge
51.6%
% Correct
Tuck
51.5%
Lincoln
46.2%
Wild
40.6%
Hogs
34.7%
Ledge
27%
State
22.2%
August
14.5%
Vantage
10.7%
Down
5.2%
Maiden
4.8%

Today's Daily Dose

Quick Pick
Colorful Movies

Get the Picture
Dog Breeds II

Remove Ads.
Support Sporcle.
Get the best of Sporcle when you Go Orange. This ad-free experience offers more features, more stats, and more fun while also helping to support Sporcle. Thank you for becoming a member.

You're not logged in!

Compare scores with friends on all Sporcle quizzes.
OR
Log In

Show Comments

Extras

Top Quizzes Today


Score Distribution

Your Account Isn't Verified!

In order to create a playlist on Sporcle, you need to verify the email address you used during registration. Go to your Sporcle Settings to finish the process.

Report this User

Report this user for behavior that violates our Community Guidelines.

Details: